00313nam a2200133Ia 4500003000400000005001700004008004100021020001800062040002000080100001600100245004100116260001300157260000900170OSt20231107111235.0170524s9999 xx 000 0 und d a9788175156173 cIIMT UNIVERSITY aDesai Bipin 3aAn Introuduction to Database Systems bGalgotia c2012